| 000 | 01664nam a2200469Ii 4500 | ||
|---|---|---|---|
| 001 | 1403564133 | ||
| 003 | OCoLC | ||
| 005 | 20241010182154.0 | ||
| 008 | 231016s2023 nyua b 000 0 eng | ||
| 010 | _a2023015818 | ||
| 020 |
_a9780593387238 _qpbk. |
||
| 020 |
_a0593387236 _qpbk. |
||
| 020 |
_a9781516041985 _qFollett bdg. |
||
| 020 |
_a1516041984 _qFollett bdg. |
||
| 035 | _a(OCoLC)1403564133 | ||
| 040 |
_aDLC _beng _erda _cRS$ _dRS$ |
||
| 050 | 0 | 0 |
_aPS3619.T47618 _bN39 2023 |
| 082 | 0 | 0 |
_a811/.6 _223/eng/20230524 |
| 092 |
_achildren nonfiction _bSteinberg |
||
| 100 | 1 |
_aSteinberg, David, _d1962- _eauthor. _95950524 |
|
| 245 | 1 | 0 |
_aNew baby, here I come! / _cby D.J. Steinberg ; illustrated by John Joven. |
| 264 | 1 |
_aNew York : _bGrosset & Dunlap, _c2023. |
|
| 300 |
_a32 pages : _bcolor illustrations ; _c21 cm. |
||
| 336 | _atext | ||
| 336 | _astill image | ||
| 337 | _aunmediated | ||
| 338 | _avolume | ||
| 490 | 1 | _aHere I come! | |
| 500 | _a"Ages 3 and up"--Back cover. | ||
| 500 | _aMay include stickers. | ||
| 520 | _aA collection of poems that celebrate the arrival and first years of the newest family member. | ||
| 650 | 0 |
_aFamilies _vJuvenile poetry. _96363739 |
|
| 650 | 0 |
_aInfants _vJuvenile poetry. _96495174 |
|
| 650 | 0 | _aChildren's poetry, American. | |
| 650 | 1 |
_aFamily life _vPoetry. _96363748 |
|
| 650 | 1 |
_aBabies _vPoetry. _96495175 |
|
| 655 | 7 |
_aPicture books. _2lcgft |
|
| 655 | 7 |
_aPoetry. _2lcgft _95675412 |
|
| 700 | 1 |
_aJoven, John, _eillustrator. _95813970 |
|
| 800 | 1 |
_aSteinberg, David, _d1962- _tHere I come! _96386895 |
|
| 942 |
_2ddc _cBOOK |
||
| 999 |
_c401130 _d401130 |
||